| 000 | 00381nam a22001457a 4500 | ||
|---|---|---|---|
| 999 |
_c14722 _d14722 |
||
| 020 | _a9780070151345 | ||
| 082 |
_a005.369 _bZEI/CA |
||
| 100 |
_aZeid, Ibrahim _93203 |
||
| 100 |
_aSivasubramanian R. _93204 |
||
| 245 | _aCAD / CAM: Theory and Practice | ||
| 250 | _a2 nd | ||
| 260 |
_aNew Delhi _bMcGraw Hill Education (India) Private Limited _c2014 |
||
| 300 | _a813 | ||
| 942 | _cBBS | ||